Az eszmék védelmében

Podrobná bibliografia
Hlavný autor: Lovász, Attila, 1963- (Autor)
Médium: Článok
Jazyk:maďarčina
ISSN:1335-7050
Predmet:

MARC

LEADER 00000nab a2200000 ar4500
001 vtls010077608
003 SK-MaSNL
005 20260318124115.0
008 100319c20100303xo |||||||| 000 b|hun
015 |a SNBRB2010/03  |2 snkbucl 
038 |a SNKBUCL 
040 |a DSZK  |b slo  |c DSZK  |e AACR2 
041 0 |a hun 
044 |a xo  |c SK 
080 |a 342.5  |x (437.6)  |2 2001 
080 |a 329.1/.6  |x (437.6)  |2 2001 
080 |a 32.001.1  |x (437.6)  |2 2001 
100 1 |a Lovász, Attila,  |d 1963-  |4 aut  |9 267232 
245 1 3 |a Az eszmék védelmében  |c Lovász Attila 
650 0 7 |a politický systém  |2 SNKPH  |9 3587 
650 0 7 |a politické strany  |2 SNKPH  |9 3589 
650 0 7 |a idey  |2 snkbucl  |9 1033918 
651 7 |a Slovensko  |2 SNKPHgeo  |9 14231 
655 7 |a komentáre  |2 SNKPH  |9 70412 
773 0 |t Új szó  |g Évf. 63, sz. 51 (3.3.2010), o. 7  |x 1335-7050 
852 |a SNK  |b KIS3GCP 
852 |a DSZK  |b KIS3GCP 
958 |a HU 
958 |a SK 
999 |c 2675331  |d 2677261